Irrumpiendo en lo público: seis facetas de las mujeres en América Latina /
Saved in:
| Main Author: | |
|---|---|
| Other Authors: | , |
| Format: | Unknown |
| Published: |
San José:
Universidad Nacional. Universidad de Costa Rica. Maestría Regional de Estudios de la Mujer. Latin American Studies Association
|
| Subjects: | |
| Tags: |
Add Tag
No Tags, Be the first to tag this record!
|
MARC
| LEADER | 00000 a2200000 04500 | ||
|---|---|---|---|
| 001 | 18846 | ||
| 003 | |||
| 008 | 991231s d | ||
| 040 | |a CRAI/IIS |c CRAI/IIS | ||
| 090 | |a 144604 | ||
| 100 | |a Poggio, Sara | ||
| 245 | |a Irrumpiendo en lo público: seis facetas de las mujeres en América Latina / |c Sara Poggio | ||
| 260 | |a San José: |b Universidad Nacional. Universidad de Costa Rica. Maestría Regional de Estudios de la Mujer. Latin American Studies Association | ||
| 300 | |a xi, 206 p. | ||
| 650 | |a MUJERES | ||
| 650 | |a PARTICIPACION POLITICA | ||
| 650 | |a VOTACION | ||
| 700 | |a comp | ||
| 700 | |a Sagot R, Montserrat | ||
| 700 | |a comp | ||
| 999 | |c 16956 |d 16956 | ||
